00722nam a2200169 i 4500001000700000003000900007005001700016008004100033100003700074245009400111260007400205300003400279490009300313650003200406830009300438852002100531186027ES-MaACL20250805063324.0160905s1943 sp |||| | spa d1 aMeléndez, Bermudo, d1912-199914aLos terrenos cámbricos de la península hispánica / cBermudo Meléndez Meléndez. aMadrid : bConsejo Superior de Investigaciones Científicas, c1943. a179 p. , 45 lám. ; c24 cm.1 aTrabajos del Instituto de Ciencias Naturales "José de Acosta". Serie geológica ; v1 4aEstratigrafía-zEspaña.0 aTrabajos del Instituto de Ciencias Naturales "José de Acosta". Serie geológica ; v1 aES-MaACLjE-4674